000 02606cam a2200589 a 4500
999 _c56997
001 7676648
003 LIBRIS
005 20210322153653.0
008 011211s1997 sw |||||||||||000 0|swe|
020 _a9179481302
_qINB.
_c260:00
040 _aNB
_ea
041 0 _aswe
_aeng
_ager
082 0 4 _a914.883
_222 (machine generated)
084 _aNccc
_2kssb/8
084 _aNccc
_2kssb
100 1 _aWeilert, Bengt,
_d1929-
_0https://libris.kb.se/b8nqrdjv3fwp7pn#it
245 0 0 _aJämtland :
_ben bildbok /
_cav Bengt Weilert ; [översättning: David Bell ...].
250 _a2. uppl.
264 1 _aÖstersund :
_bJamtli/Jämtlands läns museum,
_c1997
264 3 _aUddevalla :
_bMediaprint
300 _a96 s.
_bfärgill.
_c29 cm
340 _b29 cm
546 _aParallelltext på svenska, engelska och tyska
651 4 _aJämtland
651 4 _aJämtland
700 1 _aBell, David
_4trl
710 2 _aJämtlands läns museum
_eunspecifiedContributor
_4oth
775 1 _z91-7948-117-5
_w9179481175
887 _a{"@id":"xf74dkv83z49j77","modified":"2019-06-12T17:27:35.164+02:00","checksum":"161799826255"}
_2librisxl
887 _a{"@id":"lqw45jhr4q6n25b","modified":"2018-06-05T12:12:16.801+02:00","checksum":"60066090945"}
_2librisxl
887 _a{"@id":"nsz67lkt0t8djcm","modified":"2018-06-05T12:12:16.805+02:00","checksum":"64530400017"}
_2librisxl
887 _a{"@id":"pt078mlv4bvp47f","modified":"2018-06-05T12:12:16.809+02:00","checksum":"52470872366"}
_2librisxl
887 _a{"@id":"qv189nmw4mtvrnz","modified":"2018-06-05T12:12:16.812+02:00","checksum":"62440564378"}
_2librisxl
887 _a{"@id":"rw29bpnx227qmmv","modified":"2018-06-05T12:12:16.815+02:00","checksum":"53113173723"}
_2librisxl
887 _a{"@id":"04bcp2w55ltz0fm","modified":"2009-06-03T14:31:24+02:00","checksum":"82091346440"}
_2librisxl
887 _a{"@id":"sx3bcqpz115kqjq","modified":"2018-06-05T12:12:16.818+02:00","checksum":"54154524979"}
_2librisxl
942 _2z
_cBOOK